THE BRIDGET JONES OMNIBUS : (Record no. 171399)
[ view plain ]
| 000 -LEADER | |
|---|---|
| fixed length control field | 01300nam a22003371i 4500 |
| 003 - CONTROL NUMBER IDENTIFIER | |
| control field | OSt |
| 005 - DATE AND TIME OF LATEST TRANSACTION | |
| control field | 20190304122214.0 |
| 008 - FIXED-LENGTH DATA ELEMENTS--GENERAL INFORMATION | |
| fixed length control field | 190304s2013 xxk||||g ||||||0| ||eng d |
| 020 ## - INTERNATIONAL STANDARD BOOK NUMBER | |
| International Standard Book Number | 9781447260769 |
| Terms of availability | RM 32.90 |
| Qualifying information | hardback |
| 040 ## - CATALOGING SOURCE | |
| Original cataloging agency | PPAK |
| Language of cataloging | eng |
| Transcribing agency | PPAK |
| Modifying agency | PPAK |
| Description conventions | rda |
| 082 04 - DEWEY DECIMAL CLASSIFICATION NUMBER | |
| Edition number | 23 |
| Classification number | 823.914 |
| 090 ## - LOCALLY ASSIGNED LC-TYPE CALL NUMBER (OCLC); LOCAL CALL NUMBER (RLIN) | |
| Classification number (OCLC) (R) ; Classification number, CALL (RLIN) (NR) | 823.914 |
| Feature heading | FIE |
| Feature heading | G |
| 100 1# - MAIN ENTRY--PERSONAL NAME | |
| Personal name | Fielding, Helen, |
| Dates associated with a name | 1958- |
| Relator term | author. |
| 245 14 - TITLE STATEMENT | |
| Title | THE BRIDGET JONES OMNIBUS : |
| Remainder of title | THE SINGLETON YEARS / |
| Statement of responsibility, etc. | HELEN FIELDING |
| 250 ## - EDITION STATEMENT | |
| Edition statement | Omnibus edition |
| 264 #1 - PRODUCTION, PUBLICATION, DISTRIBUTION, MANUFACTURE, AND COPYRIGHT NOTICE | |
| Place of production, publication, distribution, manufacture | London : |
| Name of producer, publisher, distributor, manufacturer | Picador, |
| Date of production, publication, distribution, manufacture, or copyright notice | 2013. |
| 300 ## - PHYSICAL DESCRIPTION | |
| Extent | 422 pages ; |
| Dimensions | 20 cm |
| 336 ## - CONTENT TYPE | |
| Source | rdacontent |
| Content type term | text |
| 337 ## - MEDIA TYPE | |
| Source | rdamedia |
| Media type term | unmediated |
| 338 ## - CARRIER TYPE | |
| Source | rdacarrier |
| Carrier type term | volume |
| 500 ## - GENERAL NOTE | |
| General note | This omnibus edition first published 2013 by Picador. |
| General note | This edition first published 2013 by Picador. |
| 505 0# - FORMATTED CONTENTS NOTE | |
| Formatted contents note | Bridget Jones's Diary. Originally published: London : Picador, 1996. -- Bridget Jones : the edge of reason. Originally published: London : Picador, 1999. |
| 650 #0 - SUBJECT ADDED ENTRY--TOPICAL TERM | |
| Topical term or geographic name entry element | Jones, Bridget (Fictitious character) |
| Form subdivision | Fiction |
| Topical term or geographic name entry element | Single women |
| Form subdivision | Fiction |
| Form subdivision | Fiction |
| Geographic subdivision | London (England) |
| Topical term or geographic name entry element | Chick lit |
| 700 12 - ADDED ENTRY--PERSONAL NAME | |
| Personal name | Fielding, Helen, |
| Dates associated with a name | 1958- |
| Relator term | Bridget Jones's diary. |
| Personal name | Fielding, Helen, |
| Dates associated with a name | 1958- |
| Relator term | Bridget Jones: the edge of reason. |
| 942 ## - ADDED ENTRY ELEMENTS (KOHA) | |
| Source of classification or shelving scheme | Dewey Decimal Classification |
| Koha item type | Book |
| Withdrawn | Not for loan | Current library | Shelving location | Date acquired | Full call number | Barcode | Date last seen | Koha item type |
|---|---|---|---|---|---|---|---|---|
| Perpustakaan Alor Setar | Pinjaman Dewasa | 11/03/2019 | 823.914 FIE | A01594548 | 11/03/2019 | Book | ||
| Perpustakaan Jitra | Pinjaman Dewasa | 11/03/2019 | 823.914 FIE | A01594549 | 11/03/2019 | Book | ||
| Perpustakaan Langkawi | Pinjaman Dewasa | 11/03/2019 | 823.914 FIE | A01594550 | 11/03/2019 | Book |